000
00210 a2200097 4500
001
48633
100
_a
Reynolds, Q
245
_a
They fought for the sky
260
_a
London
_b
Cassell
_c
090
_c
31560
_d
31560
942
_a
NUST-CAE
_c
M
_c
23959
999
_c
283706
_d
283706